000
00299nam a22000977a 4500
008
221104b |||||||| |||| 00| 0 eng d
020
_a
9781529342062
100
_a
Clarey Christopher
_9
7618
245
_a
The Master The Brilliant Career of Roger Federer
260
_a
London
_b
John Murray Publications
_c
2021
999
_c
12132
_d
12132